000 00870nam a22002417a 4500
001 BR9500285
003 BR-BrBNA
005 20230928094412.0
007 ta
008 230509b bl.||||| |||| 00| 0 por d
040 _aBR-BrBNA
_bpor
_cBiblioteca Nacional de Agricultura
041 _a(Por)
072 _aD50; E70
090 _ D50 BR9500285
110 1 _aDepartamento Nacional da Producao Animal, Rio de Janeiro, GB (Brasil). Servico de Caca e Pesca
245 1 _aRegulamento dos entrepostos federais de pesca, Decreto 23348 de 14.11.1933. Regula os entrepostos federais de pesca e crea o entreposto do Distrito Federal Regulamento do entreposto federal de pesca do Distrito Federal
260 3 _aRio de Janeiro, GB (Brasil):
_c1934.
300 _a4 p.
650 _aEntreposto
650 _aDecreto
909 _a202309
_bLucia
_c55
_dLucia Elande
942 _cBK
999 _c50527
_d50527